Pentecost yesterday and today. (Record no. 14225)

000 -LEADER
fixed length control field 00543nam a2200181 a 4500
001 - CONTROL NUMBER
control field :::00012054$&:&@@
003 - CONTROL NUMBER IDENTIFIER
control field OkBaRHE
005 - DATE AND TIME OF LATEST TRANSACTION
control field 20000607103415.0
008 - FIXED-LENGTH DATA ELEMENTS--GENERAL INFORMATION
fixed length control field s1972 j 000 0 eng u
040 ## - CATALOGING SOURCE
Transcribing agency
100 1# - MAIN ENTRY--PERSONAL NAME
Personal name Horton, Wade H.
245 10 - TITLE STATEMENT
Title Pentecost yesterday and today.
260 ## - PUBLICATION, DISTRIBUTION, ETC. (IMPRINT)
Place of publication, distribution, etc Cleveland, TN., :
Name of publisher, distributor, etc Pathway Press
Date of publication, distribution, etc c1972
300 ## - PHYSICAL DESCRIPTION
Extent 176 p. ;
Dimensions 21 cm.
650 ## - SUBJECT ADDED ENTRY--TOPICAL TERM
Topical term or geographic name as entry element Sermons, Pentecostal
942 ## - ADDED ENTRY ELEMENTS (KOHA)
Source of classification or shelving scheme
Koha item type Books
Copies
Price effective from Not for loan Date last seen Copy number Source of classification or shelving scheme Full call number Shelving location Barcode Permanent Location Lost status Withdrawn status Koha item type Damaged status Date acquired
2010-04-14 2010-04-141 BX 8769 .Z6H62General Stacks12054RHEMA Bible Training College  Books 2010-04-14